banner-ar

توم سوير : قصة حياة طفل / (Record no. 30239)

MARC details
000 -الفاتح
حقل البيانات ثابتة الطول 00631nam a2200205Ia 4500
008 - عناصر البيانات ثابتة الطول - معلومات عامة
حقل البيانات ثابتة الطول 140319s9999 xx 000 0 ara d
040 ## - مصدر الفهرسة
وكالة الفهرسة الأصلية GCL /
وكالة النسخ GCL
082 04 - رقم تصنيف ديوى العشرى
رقم التصنيف 813.083
رقم المادة ت ت
100 1# - المدخل الرئيسى - إسم شخصى
الإسم الشخصى توين، مارك
245 10 - بيان العنوان
العنوان توم سوير : قصة حياة طفل /
بيان المسئوليه,etc توين، مارك
700 1# - المدخل الاضافى - اسم شخصى
الإسم الشخصى فريد عبدالرحمن (مراجع)
700 1# - المدخل الاضافى - اسم شخصى
الإسم الشخصى ماهر نسيم
300 ## - الوصف المادى
التعداد 296 ص
490 ## - بيان السلسلة
عنوان السلسلة الالف كتاب
رقم المجلد/ التعيين التسلسلي 0
650 04 - المدخل الاضافى بالموضوع-مصطلح موضوعى
مصطلح موضوعي الادب العربى
650 04 - المدخل الاضافى بالموضوع-مصطلح موضوعى
مصطلح موضوعي القصص الاجتماعية
942 ## - عناصر المدخل الإضافي( كوها)
مصدر التصنيف او مخطط الترفيف Dewey Decimal Classification
Koha [default] item type كتاب
260 ## - PUBLICATION, DISTRIBUTION, ETC. (IMPRINT)
-- [S.N] :
-- مكتبة الانجلوالمصرية
Holdings
حالة التراجع حالة الفقد حالة تلف ليس للاعارة المكان المؤقت الموقع الحالى تاريخ الاكتساب اجمالي اﻻعارات رقم الطلب الباركود تاريخ اخر مشاهدة تاريخ تفعيل السعر نوع وعاء كوها
        مكتبة القاهرة الكبرى مكتبة القاهرة الكبرى 03/26/2014   813.083\ت ت 70358 03/26/2014 03/26/2014 كتاب

Powered By

EGPV